000 00561nam a2200205 i 4500
001 71116
003 ES-MaACL
005 20230906171027.0
007 t|
008 040805s1912 fr ||||1| fre d
100 1 _aGastone, Amedee.
_955949
245 1 2 _aL'art gregorien /
_cAmedee Gastone.
250 _a2eme ed.
260 _a[S.l. :
_bs.n.],
_c1912 (
_eEvreux :
_fCh. Herissey)
300 _a206 p. ;
_c20 cm.
490 1 _aLes maitres de la musique
830 0 _aLes maitres de la musique
_9181366
852 _aES-MaACL
_jF-2826
999 _c71116
_d71116